000 00484nam a2200169Ia 4500
008 230718s9999 xx 000 0 und d
020 _a9780766823655
041 _aeng
082 _a621.2
_bJOH
100 _aJohnson J.L.
_9173753
245 _aIntroduction To Fluid Power
260 _c2002
_bDelmar Ceneage Learning
300 _a502
_dRef 104 M (40124)
365 _cRs.
_b1266.00
700 _aJohnson J.L.
_9173753
906 _dO:0090513-Jul-2010B:236426-May-2010
_cMECH
_b253.2
999 _c325181
_d325181